[Event "SLO-chT Central 1st League 12th"]
[Site "Slovenia"]
[Date "2011.10.06"]
[Round "4.3"]
[White "Sedej, Brane"]
[Black "Marincek, Bojan"]
[Result "1/2-1/2"]
[WhiteElo "1685"]
[BlackElo "1725"]
[PlyCount "50"]
[EventDate "2011.09.08"]
[EventType "team-tourn"]
[EventRounds "9"]
[EventCountry "SLO"]
[SourceTitle "EXT 2022"]
[Source "ChessBase"]
[SourceDate "2021.10.06"]
[SourceVersion "1"]
[SourceVersionDate "2021.10.06"]
[SourceQuality "1"]
[WhiteTeam "Bor Dob"]
[BlackTeam "Crni Graben"]
[WhiteTeamCountry "SLO"]
[BlackTeamCountry "SLO"]

1. d4 d5 2. c4 e6 3. Nc3 Nc6 4. Nf3 a6 5. Bf4 Bd6 6. Bxd6 Qxd6 7. c5 Qd8 8. e3 Nf6 9. Bd3 0-0 10. 0-0 Nd7 11. a3 f5 12. b4 Nf6 13. h3 Ne4 14. Qc2 Bd7 15. Ne5 Nxe5 16. dxe5 Qh4 17. f4 g5 18. Bxe4 fxe4 19. Qf2 Qh5 20. Qg3 Rf5 21. Qg4 Qg6 22. Rf2 h5 23. Qg3 Kh7 24. Ne2 gxf4 25. Qxg6+ Kxg6 1/2-1/2

[Event "Ljubljana-chT 64th 2nd League"]
[Site "Ljubljana"]
[Date "2011.01.20"]
[Round "2.1"]
[White "Sedej, Brane"]
[Black "Ocepek, Marjan Ml"]
[Result "0-1"]
[WhiteElo "1656"]
[BlackElo "1858"]
[PlyCount "88"]
[EventDate "2011.01.13"]
[EventType "team-tourn"]
[EventRounds "9"]
[EventCountry "SLO"]
[SourceTitle "EXT 2022"]
[Source "ChessBase"]
[SourceDate "2021.10.06"]
[SourceVersion "1"]
[SourceVersionDate "2021.10.06"]
[SourceQuality "1"]

1. e4 e6 2. Nf3 d5 3. exd5 exd5 4. Be2 Bd6 5. d4 h6 6. Be3 Ne7 7. c3 Nf5 8. Qd3 0-0 9. Bd2 c6 10. Na3 Re8 11. Nc2 b6 12. Ne3 Qf6 13. Qc2 Bf4 14. 0-0-0 Nd6 15. Bd3 Ne4 16. Bxe4 dxe4 17. Ng1 Na6 18. Ne2 Nc7 19. Nxf4 Qxf4 20. Nd5 Qd6 21. Nxc7 Qxc7 22. Rde1 f5 23. g4 c5 24. dxc5 Qxc5 25. Be3 Qa5 26. a3 fxg4 27. Rhg1 Kh7 28. Bd4 Bf5 29. f3 exf3 30. Qd2 Qb5 31. b4 Rxe1+ 32. Rxe1 Re8 33. Rxe8 Qxe8 34. Kb2 Qe4 35. Kb3 Qb1+ 36. Kc4 Be6+ 37. Kb5 Qf1+ 38. Kc6 Qc4+ 39. Bc5 Qd5+ 40. Qxd5 Bxd5+ 41. Kxd5 bxc5 42. bxc5 f2 43. c6 f1Q 44. Kd6 Qf8+ 0-1

[Event "SLO-chT Central 2nd League"]
[Site "Slovenia"]
[Date "2010.11.18"]
[Round "9.1"]
[White "Unuk, Laura"]
[Black "Sedej, Brane"]
[Result "1/2-1/2"]
[WhiteElo "1730"]
[BlackElo "1671"]
[PlyCount "60"]
[EventDate "2010.09.09"]
[EventType "team-tourn"]
[EventRounds "9"]
[EventCountry "SLO"]
[SourceTitle "EXT 2022"]
[Source "ChessBase"]
[SourceDate "2021.10.06"]
[SourceVersion "1"]
[SourceVersionDate "2021.10.06"]
[SourceQuality "1"]
[WhiteTeam "Komenda Utrdba"]
[BlackTeam "Bor Dob II"]
[WhiteTeamCountry "SLO"]
[BlackTeamCountry "SLO"]

1. d4 Nf6 2. c4 e6 3. Nf3 h6 4. Nc3 Bb4 5. a3 Bxc3+ 6. bxc3 d5 7. Bf4 b6 8. e3 0-0 9. Be2 Nbd7 10. 0-0 Nh5 11. Bg3 Nxg3 12. hxg3 Bb7 13. Rb1 Rb8 14. cxd5 exd5 15. c4 Qe7 16. Qb3 dxc4 17. Bxc4 c5 18. Bd5 cxd4 19. Nxd4 Nc5 20. Qa2 Ne4 21. Rfc1 Nc5 22. Bxb7 Qxb7 23. Rxc5 bxc5 24. Rxb7 Rxb7 25. Nc6 Rc8 26. Qd5 Rbc7 27. Ne5 c4 28. Qd2 c3 29. Qc2 Rd8 30. Nd3 Rcd7 1/2-1/2

[Event "SLO-chT Central 2nd League"]
[Site "Slovenia"]
[Date "2010.11.11"]
[Round "8.1"]
[White "Sedej, Brane"]
[Black "Bogataj, Tomaz"]
[Result "0-1"]
[WhiteElo "1671"]
[BlackElo "1607"]
[PlyCount "184"]
[EventDate "2010.09.09"]
[EventType "team-tourn"]
[EventRounds "9"]
[EventCountry "SLO"]
[SourceTitle "EXT 2022"]
[Source "ChessBase"]
[SourceDate "2021.10.06"]
[SourceVersion "1"]
[SourceVersionDate "2021.10.06"]
[SourceQuality "1"]
[WhiteTeam "Bor Dob II"]
[BlackTeam "Podpec Invec"]
[WhiteTeamCountry "SLO"]
[BlackTeamCountry "SLO"]

1. e4 e6 2. Nf3 c5 3. Be2 Nc6 4. d3 Qc7 5. b3 Nf6 6. Bb2 Be7 7. h3 b6 8. c4 d6 9. Nc3 a6 10. d4 cxd4 11. Nxd4 Bb7 12. Nxc6 Qxc6 13. Bf3 Qc7 14. Qc2 Nd7 15. 0-0-0 0-0-0 16. Rhe1 Ne5 17. Be2 g5 18. g3 Rhg8 19. f4 gxf4 20. gxf4 Ng6 21. Rf1 Nxf4 22. Kb1 e5 23. Nd5 Nxd5 24. exd5 f6 25. Qxh7 Rh8 26. Qf7 Kb8 27. Bg4 Bc8 28. Qg6 Rdg8 29. Qe4 Bxg4 30. hxg4 Rh4 31. Rg1 Qc8 32. Qf5 Rhxg4 33. Qxc8+ Kxc8 34. Rxg4 Rxg4 35. Rf1 Rg5 36. b4 f5 37. c5 Kc7 38. Rh1 Rg7 39. a4 Rf7 40. Rc1 b5 41. cxd6+ Kxd6 42. Rc6+ Kxd5 43. Rxa6 Bxb4 44. axb5 Rb7 45. b6 e4 46. Kc2 Bc5 47. Ra8 Rxb6 48. Rd8+ Bd6 49. Rd7 f4 50. Bc1 f3 51. Be3 Ra6 52. Kd2 Ke6 53. Rh7 Bb4+ 54. Kc2 Rd6 55. Rh6+ Kf5 56. Rh5+ Ke6 57. Rh4 Ke5 58. Rh5+ Ke6 59. Rh4 Rc6+ 60. Kd1 Rc4 61. Rh6+ Kd5 62. Rh5+ Kc6 63. Rh6+ Kb5 64. Rb6+ Ka4 65. Ra6+ Kb3 66. Ra1 Bc5 67. Bxc5 Rxc5 68. Kd2 Kc4 69. Ke3 Kd5 70. Kf4 Rc4 71. Rd1+ Kc5 72. Ke3 Kb4 73. Rb1+ Kc5 74. Rd1 Rb4 75. Rd2 Rc4 76. Rd1 Kb4 77. Rb1+ Kc3 78. Rc1+ Kb3 79. Rb1+ Kc2 80. Rf1 Kb2 81. Rd1 Rc1 82. Rd4 Re1+ 83. Kf2 Re2+ 84. Kf1 Kc2 85. Rd8 Rd2 86. Re8 Kd3 87. Ra8 e3 88. Rd8+ Kc4 89. Rc8+ Kd3 90. Rd8+ Kc2 91. Rc8+ Kd1 92. Re8 e2+ 0-1